The 7 habits of highly effective Teenagers (Record no. 4326)

MARC details
000 -LEADER
fixed length control field 00428nam a22001457a 4500
008 - FIXED-LENGTH DATA ELEMENTS--GENERAL INFORMATION
fixed length control field 250716b |||||||| |||| 00| 0 eng d
020 ## - INTERNATIONAL STANDARD BOOK NUMBER
ISBN 9780743484268
100 ## - MAIN ENTRY--AUTHOR
Author Covey Sean
245 ## - TITLE STATEMENT
Title The 7 habits of highly effective Teenagers
260 ## - PUBLICATION, DISTRIBUTION, ETC. (IMPRINT)
Place of publication london
Name of publisher Simon $ Schuster ukltd
Date of publication 1988
300 ## - COLLATION
Pagination xiv,274P.
Other physical details ill.
650 ## - TRACINGS
Main Subject Teenager conduct of life
Subdivision (1st) Success psychological aspects
942 ## - ADDED ENTRY ELEMENTS (KOHA)
Item type Books
050 ## - LIBRARY OF CONGRESS CALL NUMBER
Classification number BJ 1661
Item number .C68
Holdings
Source of classification or shelving scheme Not for loan Permanent location Current location Date acquired Accession No. Full call number Barcode. Koha item type
Library of Congress Classification   Samuel Ogbemudia Main Library, University of Abuja Samuel Ogbemudia Main Library, University of Abuja 07/16/2025 2025/65236 BJ1661 2025-3094 Books